LEADER 01289nam0-2200325 --450 001 9910472952303321 005 20210601102313.0 100 $a20210601d1927----kmuy0itay5050 ba 101 $aita 102 $aIT 105 $a 001yy 200 1 $aDall'assedio di Firenze al secondo convegno di Clemente 7. e Carlo 5.$e(28 giugno 1530-2 dicembre 1532)$elettere inedite a Bartolomeo Lanfredini$fFrancesco Guicciardini$gpubblicate per cura di Andre Otetea 210 $aAquila$cVecchioni$d1927 215 $aXXXV, 247 p., [1] carta di tav.$critratto$d25 cm 225 1 $aBiblioteca di lettere e scienze$v5 312 $aTitolo sviluppato 517 1 $aDall'assedio di Firenze al secondo convegno di Clemente settimo e Carlo quinto. 517 1 $aDall'assedio di Firenze al 2. convegno di Clemente 7. e Carlo 5. 610 0 $aGUICCIARDINI, FRANCESCO$aLettere e carteggi 676 $a945.06092$v19 700 1$aGuicciardini,$bFrancesco$f<1483-1540>$08569 702 1$aLanfredini,$bBartolomeo 702 1$aOtetea,$bAndrei 801 0$aIT$bUNINA$gREICAT$2UNIMARC 901 $aBK 912 $a9910472952303321 952 $a3/IX H 20$b9269$fFLFBC 959 $aFLFBC 996 $aDall'assedio di Firenze al secondo convegno di Clemente 7. e Carlo 5$91799836 997 $aUNINA LEADER 01015nam a22002531i 4500 001 991003458019707536 005 20040418221118.0 008 040802s1931 dk a||||||||||||||||dan 035 $ab13077417-39ule_inst 035 $aARCHE-103002$9ExL 040 $aBiblioteca Interfacoltà$bita$cA.t.i. Arché s.c.r.l. Pandora Sicilia s.r.l. 082 04$a839.81 100 1 $aAndersen, Hans Christian$0164203 245 12$aL'improvvisatore /$cH. C. Andersen ; tradotto dall'originale danese da H. e G. Cau Elmquist 260 $aFirenze :$bVallecchi,$cc1931 300 $av. :$bill. ;$c16 cm 440 0$aBiblioteca Vallecchi.$pLetteratura italiana e straniera 700 1 $aCau Elmquist, H. 907 $a.b13077417$b02-04-14$c05-08-04 912 $a991003458019707536 945 $aLE002 Fondo Giudici E 353$g1$i2002000240446$lle002$nV. 1. - C. 1$o-$pE0.00$q-$rn$so $t0$u0$v0$w0$x0$y.i13705659$z05-08-04 996 $aImprovvisatore$9290919 997 $aUNISALENTO 998 $ale002$b05-08-04$cm$da $e-$fdan$gdk $h2$i1